000 00285nam a22001217a 4500
041 _aENG
100 _aKrishnamurthy,J
245 _aRemote Sensing In India
260 _aBangalore
_bNational Natural Resources
_c1997
300 _a124
650 _aSWCE ( 06 )
856 _uSWCE ( 06 )
999 _c2930
_d2930